[Event "BAN-chT SAIF POWERTEC 2020"]
[Site "Dhaka"]
[Date "2021.03.26"]
[Round "8.2"]
[White "Neelotpal, Das"]
[Black "Kovalev, Vladislav"]
[Result "1/2-1/2"]
[WhiteElo "2425"]
[BlackElo "2648"]
[Annotator "TA"]
[PlyCount "67"]
[EventDate "2021.03.19"]
[EventType "team-tourn"]
[EventCountry "BAN"]
[SourceTitle "playchess.com"]
[Source "ChessBase"]
[SourceQuality "1"]

{[%evp 9,67,15,18,12,14,13,14,0,12,-11,-17,-12,-14,-14,-7,-6,9,0,22,-10,-4,-5,0,-16,0,11,13,13,14,16,15,16,16,15,23,17,75,75,75,72,72,72,72,72,72,72,72,51,72,72,72,62,72,72,72,0,72,0,47,0]} 1. e4 e5 2. Nf3 Nc6 3. Bc4 Nf6 4. d3 Bc5 5. Nc3 a6 6. Nd5 {C50: Hungarian Defence and Giuoco Pianissimo.} h6 7. Be3 d6 8. c3 {The position is equal.} O-O {[#]} 9. b4 $146 ({Predecessor:} 9. O-O Ba7 10. Qd2 Nxd5 11. Bxd5 Ne7 12. Bb3 Ng6 13. d4 Qf6 14. dxe5 dxe5 15. Bxa7 Rxa7 {½-½ (48) Orozbaev,E (1908)-Kovalev,V (2661) Qingdao 2019}) 9... Nxd5 10. Bxd5 Bxe3 11. fxe3 Ne7 12. Bb3 Ng6 13. O-O Qe7 14. Qe1 Kh7 15. h4 a5 16. Qg3 axb4 17. cxb4 Be6 18. h5 Nh8 19. Nh4 Qg5 20. Qxg5 hxg5 21. Nf5 Rfd8 22. d4 Ra3 (22... Bxb3 $11 {remains equal.} 23. axb3 Rxa1 24. Rxa1 exd4) 23. d5 $16 Bxf5 24. Rxf5 f6 25. Rc1 Rd7 26. Rf2 b5 27. Rfc2 Ra7 28. Kf2 Nf7 29. g4 Nh6 30. Kg3 Kg8 31. Ra1 Ra3 32. Rac1 Ra7 33. Ra1 Ra3 34. Rac1 {Weighted Error Value: White=0.11/Black=0.08} 1/2-1/2

[Event "BAN-chT SAIF POWERTEC 2020"]
[Site "Dhaka"]
[Date "2021.03.26"]
[Round "8.3"]
[White "Reefat, Bin-Sattar"]
[Black "Hossain, Enamul"]
[Result "1/2-1/2"]
[WhiteElo "2409"]
[BlackElo "2426"]
[Annotator "TA"]
[PlyCount "62"]
[EventDate "2021.03.19"]
[EventType "team-tourn"]
[EventCountry "BAN"]
[SourceTitle "playchess.com"]
[Source "ChessBase"]
[SourceQuality "1"]

{[%evp 9,62,14,16,14,8,7,15,10,20,0,0,0,-2,10,24,-3,7,-17,-22,-18,2,14,43,43,32,21,70,65,73,81,206,211,225,211,293,277,352,349,335,-66,313,311,399,264,381,0,251,0,0,0,0,0,0,0,0]} 1. e4 c6 2. d4 d5 3. e5 c5 4. dxc5 e6 5. Nf3 Bxc5 6. Bd3 {B12: Caro-Kann: Advance Variation.} Ne7 {is now debated instead of 6...Nc6.} 7. Nbd2 Nbc6 8. Nb3 Bb6 9. c3 Qc7 10. Qe2 Ng6 11. Bxg6 {[#]} fxg6 $146 ({Predecessor:} 11... hxg6 12. Bf4 Bd7 13. g3 a6 14. h4 Na5 15. Nbd4 Qc4 16. Qxc4 Nxc4 17. b3 Na5 {½-½ (40) Tocco,P (2156)-Cetkovic,S (2106) Arco 2003}) 12. h4 Bd7 13. h5 gxh5 14. Rxh5 O-O-O (14... O-O {keeps more tension.} 15. Be3 Be8 16. Rg5 Bg6 17. Kf1 Rf7) 15. Be3 Be8 16. Bxb6 Qxb6 17. Rh3 Bg6 18. Nfd4 Rhe8 19. a4 Nxd4 (19... a5 $16 {keeps fighting.}) 20. cxd4 $18 Kb8 21. Rc3 Qb4 22. Nc5 $1 {[%cal Bb3c5,Bc5a6,Ba6c7][%mdl 32]} Qxd4 23. Qb5 {[%csl Gc5][%cal Rb5b7]} Re7 ({But not} 23... Qxe5+ $2 24. Re3 $18) 24. Na6+ $1 Ka8 {[#]} 25. Rac1 $1 {Threatening mate with Rc8+.} Ree8 (25... Qxe5+ 26. Kf1) 26. Nc7+ Kb8 27. Na6+ Ka8 {[#] intending ...Rf8.} 28. Rc7 $2 Qe4+ $11 {[%mdl 64] Double Attack. The position is equal.} 29. Kd2 {[%csl Gc7][%cal Rb5b7]} Qd4+ 30. Ke1 {[%csl Gc7][%cal Rb5b7]} Qe4+ {[%mdl 64] Double Attack} 31. Kd2 {[%csl Gc7][%cal Rb5b7]} Qd4+ {Weighted Error Value: White=0.22/Black=0.24} 1/2-1/2

[Event "BAN-chT SAIF POWERTEC 2020"]
[Site "Dhaka"]
[Date "2021.03.26"]
[Round "8.4"]
[White "Rahman, Taibur"]
[Black "Mehdi Hasan Parag"]
[Result "0-1"]
[WhiteElo "2215"]
[BlackElo "2204"]
[Annotator "ChessBase"]
[PlyCount "80"]
[EventDate "2021.03.19"]
[EventType "team-tourn"]
[EventCountry "BAN"]
[SourceTitle "playchess.com"]
[Source "ChessBase"]
[SourceQuality "1"]
[TimeControl "5400+30"]

1. d4 {[%emt 0:00:00]} Nf6 {[%emt 0:00:00]} 2. c4 {[%emt 0:00:00]} e6 {[%emt 0:00:00]} 3. Nf3 {[%emt 1:31:30]} d5 {[%emt 0:00:21]} 4. Nc3 {[%emt 0:00:00]} Bb4 {[%emt 1:31:39]} 5. cxd5 {[%emt 0:00:00]} exd5 {[%emt 0:00:30]} 6. Bg5 {[%emt 0:01:30]} h6 {[%emt 0:00:00]} 7. Bh4 {[%emt 0:00:30]} O-O {[%emt 0:00:00]} 8. e3 {[%emt 0:00:00]} Bf5 {[%emt 0:00:00]} 9. Be2 {[%emt 0:01:00]} Nbd7 {[%emt 0:00:00]} 10. O-O {[%emt 0:00:00]} c6 {[%emt 0:00:00]} 11. Qb3 {[%emt 0:00:00]} Bxc3 {[%emt 0:00:00]} 12. bxc3 {[%emt 0:00:00]} g5 {[%emt 0:00:00]} 13. Bg3 {[%emt 0:00:00]} Ne4 {[%emt 0:00:00]} 14. Qxb7 {[%emt 0:00:00]} Qb6 {[%emt 0:00:00]} 15. Qa6 {[%emt 0:00:00]} Nxc3 {[%emt 0:00:00]} 16. Rfc1 {[%emt 0:00:00]} Nxe2+ {[%emt 0:00:00]} 17. Qxe2 {[%emt 0:00:30]} Rfe8 {[%emt 0:00:00]} 18. Ne5 {[%emt 0:00:30]} Nxe5 {[%emt 0:00:00]} 19. Bxe5 {[%emt 0:01:00]} Re6 {[%emt 0:00:00]} 20. Rc3 {[%emt 0:00:00]} Rae8 {[%emt 0:00:30]} 21. Rb3 {[%emt 0:00:00]} Qa5 {[%emt 0:00:00]} 22. Rc1 {[%emt 0:00:00]} f6 {[%emt 0:00:00]} 23. Bg3 {[%emt 0:00:00]} Kg7 {[%emt 0:00:00]} 24. Rb7+ {[%emt 0:00:00]} R8e7 {[%emt 0:00:00]} 25. Rb8 {[%emt 0:00:00]} Qa3 {[%emt 0:00:00]} 26. Qd2 {[%emt 0:00:00]} Qd3 {[%emt 0:00:00]} 27. Qb2 {[%emt 0:00:00]} h5 {[%emt 0:02:00]} 28. h4 {[%emt 0:00:00]} gxh4 {[%emt 0:00:00]} 29. Bxh4 {[%emt 0:00:00]} Qe4 {[%emt 0:00:00]} 30. Bg3 {[%emt 0:00:00]} h4 {[%emt 0:00:00]} 31. Bf4 {[%emt 0:00:00]} Bh7 {[%emt 0:00:00]} 32. Rb7 {[%emt 0:00:00]} h3 {[%emt 0:00:00]} 33. f3 {[%emt 0:00:00]} Qd3 {[%emt 0:01:00]} 34. Rxe7+ {[%emt 0:00:00]} Rxe7 {[%emt 0:00:00]} 35. Rxc6 {[%emt 0:00:00]} Bf5 {[%emt 0:00:00]} 36. Qf2 {[%emt 0:00:00]} hxg2 {[%emt 0:00:30]} 37. Qg3+ {[%emt 0:00:30]} Kh8 {[%emt 0:00:00]} 38. Qf2 {[%emt 0:00:30]} Rh7 {[%emt 0:00:00]} 39. Kxg2 {[%emt 0:00:00]} Bh3+ {[%emt 0:00:30]} 40. Kg1 {[%emt 0:00:00]} Qb1+ {[%emt 0:00:30]} 0-1

[Event "BAN-chT SAIF POWERTEC 2020"]
[Site "Dhaka"]
[Date "2021.03.26"]
[Round "8.5"]
[White "Aronyak Ghosh"]
[Black "Zia, Tahsin Tajwar"]
[Result "1-0"]
[WhiteElo "2436"]
[BlackElo "2092"]
[Annotator "TA"]
[PlyCount "85"]
[EventDate "2021.03.19"]
[EventType "team-tourn"]
[EventCountry "BAN"]
[SourceTitle "playchess.com"]
[Source "ChessBase"]
[SourceQuality "1"]

{[%evp 9,85,1,5,13,14,10,9,5,6,5,3,6,17,0,0,6,11,0,23,12,11,11,25,11,13,0,31,32,66,3,36,27,102,106,101,91,97,95,112,95,125,125,141,102,166,156,296,299,495,539,520,531,523,523,504,507,797,807,1052,1016,1781,1741,1690,1672,1639,1659,1645,1654,6211,6055,29968,29970,29943,29951,29974,29975,29979,29979]} 1. c4 e6 2. Nc3 d5 3. e3 Nf6 4. Nf3 b6 5. b3 Bb7 6. Bb2 {A17: English Opening: 1...Nf6 with ...Bb4.} a6 7. cxd5 exd5 8. d4 {The position is equal.} Bd6 9. g3 O-O 10. Bg2 Nbd7 11. O-O Qe7 12. Rc1 Ne4 13. Ne2 {[#]} g5 $146 ({Predecessor:} 13... f5 14. Nf4 a5 15. a4 Rac8 16. Nd3 Ba6 17. Re1 Ndf6 18. Nfe5 c5 19. Nf4 c4 20. bxc4 dxc4 {0-1 (42) Mekhitarian,K (2554)-Meier,G (2621) chess.com INT 2020}) 14. Qc2 Rac8 15. Ne1 f5 16. Nd3 Nef6 17. b4 c6 18. a4 Rce8 19. Rfe1 (19. Qb3 $14) 19... h5 20. Ne5 Nxe5 (20... Qh7 $11 {keeps the balance.}) 21. dxe5 $16 {White leaves nothing to chance now.} Bxe5 22. Bxe5 Qxe5 23. Nd4 {[%mdl 64] [#] Double Attack} Ne4 24. Nxc6 Bxc6 25. Qxc6 {Hoping for Qg6+.} Re6 26. Qc2 f4 {[#]} (26... g4 $16) 27. f3 $1 $18 Nd6 (27... Nxg3 $16 {was necessary.} 28. hxg3 fxe3) 28. exf4 {[%mdl 64] Discovered Attack} Qxe1+ (28... Qf5 29. Qxf5 Rxe1+ 30. Rxe1 Rxf5 31. fxg5 Rxg5) 29. Rxe1 Rxe1+ 30. Kf2 Re6 31. Qd3 Nf7 32. fxg5 Rfe8 (32... Rd6 $142 33. f4 Nxg5 34. Bxd5+ Kg7 35. Qxa6 Kh8) 33. f4 d4 34. Bd5 Rd6 35. Qf5 Rxd5 36. Qxd5 {[%mdl 4096] Endgame KQ-KRN} Rd8 37. Qf5 d3 38. g6 Nh6 39. Qe6+ Kf8 40. Qf6+ {[%mdl 64] Double Attack. White mates.} Ke8 41. Qh8+ {[%mdl 64] Double Attack} Ke7 42. Qxh6 d2 43. Qg5+ {Weighted Error Value: White=0.08/Black=0.43} 1-0

[Event "BAN-chT SAIF POWERTEC 2020"]
[Site "Dhaka"]
[Date "2021.03.26"]
[Round "8.6"]
[White "Mitrabha, Guha"]
[Black "Subhayan Kundu"]
[Result "0-1"]
[WhiteElo "2445"]
[BlackElo "2305"]
[Annotator "TA"]
[PlyCount "86"]
[EventDate "2021.03.19"]
[EventType "team-tourn"]
[EventCountry "BAN"]
[SourceTitle "playchess.com"]
[Source "ChessBase"]
[SourceQuality "1"]

{[%evp 16,86,40,27,37,31,71,0,10,0,0,0,0,0,0,0,0,0,0,0,14,-13,-11,-29,-16,-52,-40,-118,-114,-111,-114,-113,-99,-337,-322,-321,-307,-334,-346,-364,-365,-374,-393,-392,-391,-381,-379,-483,-432,-477,-459,-472,-456,-452,-451,-383,-452,-427,-403,-393,-352,-525,-525,-678,-666,-800,-799,-1056,-1048,-1704,-1423,-869,-847]} 1. d4 f5 2. g3 Nf6 3. Bg2 g6 4. c4 Bg7 5. Nf3 O-O 6. O-O d6 7. Nc3 c6 {seems to push 7...Qe8 aside.} 8. b3 Na6 9. Bb2 Qa5 {A88: Dutch Defence: Leningrad System: 5 Nf3 0-0 6 0-0 d6 7 Nc3 c6.} 10. Re1 {[#]} f4 $146 ({Predecessor:} 10... e5 11. Qd2 Qc7 12. e4 fxe4 13. Nxe4 Nxe4 14. Rxe4 Bf5 15. Ree1 Rae8 16. Nh4 Bc8 17. Re2 exd4 18. Rxe8 Rxe8 19. Bxd4 Bxd4 20. Qxd4 {0-1 (49) Xu,Y (2527)-Yu,Y (2721) Shenzhen 2016}) 11. Qd2 (11. gxf4 $16 Qh5 12. e3) 11... fxg3 $11 {The position is equal.} 12. hxg3 Ng4 13. Ne4 Qh5 14. Qg5 Qxg5 15. Nexg5 h6 16. Ne4 g5 17. a3 Bf5 18. Nc3 e5 19. dxe5 dxe5 20. Nd2 e4 21. Ndxe4 (21. Nf1 $1 $15) 21... Bxe4 $17 22. Bxe4 Nxf2 23. Bg6 Rad8 {aiming for ...Rd2.} 24. Na4 $2 {[#] This move loses the game for White.} (24. Rab1 $17) 24... b5 $1 $19 {[%cal Rb5a4]} 25. cxb5 cxb5 26. Nc3 {[#]} Rd2 $1 27. Ne4 {Bxg7 is the strong threat.} Rxb2 28. Nxf2 Rxb3 {[%mdl 64] Discovered Attack} 29. Rad1 Rxg3+ 30. Kh2 Be5 31. Ne4 Re3+ 32. Kg2 Kg7 33. Rd5 Bf4 ({Not} 33... Kxg6 34. Rxe5 Rf6 35. Nxf6 $19) 34. Bf5 {[#]} Rxf5 $1 {[%mdl 64] Remove Defender} 35. Rxf5 Rxe4 36. Rxb5 Nc7 37. Rb7 Ra4 38. e4 (38. e3 $142 Be5 39. Rc1) 38... Kf6 {Black is clearly winning.} 39. Rb3 Ne6 40. Rd3 h5 41. Rd5 Rxa3 42. e5+ Kf5 43. Rd7 Bxe5 {Weighted Error Value: White=0.68/Black=0.05} 0-1

[Event "BAN-chT SAIF POWERTEC 2020"]
[Site "Dhaka"]
[Date "2021.03.26"]
[Round "8.7"]
[White "Shawket Bin, Osman Shaon"]
[Black "Koustav Chatterjee"]
[Result "0-1"]
[WhiteElo "1982"]
[BlackElo "2431"]
[Annotator "TA"]
[PlyCount "56"]
[EventDate "2021.03.19"]
[EventType "team-tourn"]
[EventCountry "BAN"]
[SourceTitle "playchess.com"]
[Source "ChessBase"]
[SourceQuality "1"]

{[%evp 22,56,-12,-18,-23,-25,-22,-60,-50,-77,-75,-67,-48,-87,-72,-101,-77,-106,-92,-95,-92,-106,-56,-191,-123,-166,-156,-165,-176,-181,-119,-110,0,-348,-341,-1245,-1239]} 1. d4 c5 2. e3 Nf6 3. Nf3 g6 4. Bd3 Bg7 5. O-O O-O 6. c4 cxd4 7. exd4 d5 8. Nc3 Nc6 9. h3 b6 10. Re1 Bb7 11. Bg5 dxc4 12. Bxc4 Rc8 {D94: Grünfeld: 4 Nf3 Bg7 5 e3.} 13. Bf1 h6 {[#]} 14. Be3 $146 ({Predecessor:} 14. Bh4 a6 15. Qd2 g5 16. Bg3 Nh5 17. d5 Nb4 18. Be5 Nf6 19. Rad1 Nbxd5 20. Nxd5 Qxd5 21. Qxd5 Nxd5 22. Bxg7 Kxg7 23. Bxa6 Bxa6 24. Rxd5 {0-1 (72) Verot,M (2111)-Skripchenko,A (2421) Besancon 2006}) 14... e6 {Black is slightly better.} 15. Qd2 Ne7 16. Ne5 Nf5 17. Rad1 Nd5 18. Nxd5 Qxd5 (18... exd5 $6 19. Bf4 $11) 19. Rc1 Rfd8 20. Rxc8 Rxc8 21. Rc1 Rd8 (21... Qxa2 {is interesting.} 22. Rxc8+ Bxc8 23. Qc1 Ba6 24. Bf4 f6) 22. Nf3 (22. Rc7 $15) 22... Qd7 ({Weaker is} 22... Nxd4 23. Nxd4 Bxd4 24. Bxh6 $11) ({Black should play} 22... Qxa2 $19 23. Qe2 Bxf3 24. Qxf3 Nxd4 25. Bxd4 Bxd4) 23. Be2 e5 $1 $36 {[%mdl 2048] Black is on the roll.} ({Don't take} 23... Nxd4 24. Nxd4 Bxd4 25. b3 $17) 24. Rd1 exd4 25. Bf4 Qd5 ({Black should try} 25... g5 $19 26. Bh2 Qe6) 26. Bd3 Qd7 ({But not} 26... Qxa2 $6 27. Bxf5 gxf5 28. Bxh6 $11) ({Better is} 26... Kh7 $17 27. Qc2 Qd7) 27. Rc1 $2 {[%mdl 8192]} (27. Be2 $1 $11) 27... Bxf3 $19 28. gxf3 $2 {[#]} (28. Bxf5 Qxf5 29. gxf3) 28... Nh4 $1 {[%csl LRf3,LRh3] Weighted Error Value: White=0.86/Black=0.20} 0-1

[Event "BAN-chT SAIF POWERTEC 2020"]
[Site "Dhaka"]
[Date "2021.03.26"]
[Round "8.8"]
[White "Manon, Reja Neer"]
[Black "Asif, Mahmud"]
[Result "1-0"]
[WhiteElo "2143"]
[BlackElo "1907"]
[Annotator "ChessBase"]
[PlyCount "114"]
[EventDate "2021.03.19"]
[EventType "team-tourn"]
[EventCountry "BAN"]
[SourceTitle "playchess.com"]
[Source "ChessBase"]
[SourceQuality "1"]
[TimeControl "5400+30"]

1. e4 {[%emt 0:00:00]} e5 {[%emt 0:00:00]} 2. Nf3 {[%emt 0:00:00]} Nc6 {[%emt 0:00:42]} 3. Bb5 {[%emt 0:00:00]} a6 {[%emt 0:00:31]} 4. Ba4 {[%emt 0:00:00]} Nf6 {[%emt 0:00:21]} 5. O-O {[%emt 0:00:06]} Be7 {[%emt 0:00:49]} 6. d3 {[%emt 0:00:47]} b5 {[%emt 0:02:03]} 7. Bb3 {[%emt 0:00:03]} d6 {[%emt 0:02:24]} 8. h3 {[%emt 0:00:30]} O-O {[%emt 0:02:28]} 9. c3 {[%emt 0:00:46]} Na5 {[%emt 0:02:28]} 10. Bc2 {[%emt 0:00:07]} c5 {[%emt 0:00:26]} 11. Be3 {[%emt 0:00:39]} Qc7 {[%emt 0:05:10]} 12. Nbd2 {[%emt 0:04:33]} Bb7 {[%emt 0:06:06]} 13. d4 {[%emt 0:01:52]} Nc6 {[%emt 0:02:15]} 14. d5 {[%emt 0:01:56]} Nb8 {[%emt 0:00:33]} 15. Nh2 {[%emt 0:09:30]} Nbd7 {[%emt 0:07:33]} 16. f4 {[%emt 0:02:05]} Rfe8 {[%emt 0:07:20]} 17. f5 {[%emt 0:02:08]} c4 {[%emt 0:03:20]} 18. g4 {[%emt 0:01:20]} h6 {[%emt 0:02:08]} 19. h4 {[%emt 0:03:30]} Nh7 {[%emt 0:06:16]} 20. Ndf3 {[%emt 0:11:20]} Qd8 {[%emt 0:04:24]} 21. Qe1 {[%emt 0:01:09]} Rc8 {[%emt 0:08:46]} 22. Qg3 {[%emt 0:03:32]} f6 {[%emt 0:34:57]} 23. Qg2 {[%emt 0:03:02]} a5 {[%emt 0:02:30]} 24. Qd2 {[%emt 0:00:24]} Bf8 {[%emt 0:29:55]} 25. Kh1 {[%emt 0:01:39]} Ba6 {[%emt 0:09:46]} 26. Rg1 {[%emt 0:02:28]} b4 {[%emt 0:19:50]} 27. g5 {[%emt 0:03:13]} fxg5 {[%emt 0:00:54]} 28. hxg5 {[%emt 0:00:01]} bxc3 {[%emt 0:03:46]} 29. bxc3 {[%emt 0:00:20]} h5 {[%emt 0:01:08]} 30. f6 {[%emt 0:01:16]} Nhxf6 {[%emt 0:01:22]} 31. gxf6 {[%emt 0:00:03]} Nxf6 {[%emt 0:00:13]} 32. Qg2 {[%emt 0:02:09]} Rb8 {[%emt 0:01:07]} 33. Bh6 {[%emt 0:00:08]} Qc7 {[%emt 0:01:06]} 34. Nh4 {[%emt 0:00:29]} Re7 {[%emt 0:03:07]} 35. Raf1 {[%emt 0:00:47]} Rf7 {[%emt 0:01:20]} 36. Nf5 {[%emt 0:06:24]} Bc8 {[%emt 0:02:38]} 37. Nxg7 {[%emt 0:01:27]} Ng4 {[%emt 0:03:14]} 38. Nxh5 {[%emt 0:01:59]} Rxf1 {[%emt 0:01:23]} 39. Rxf1 {[%emt 0:01:12]} Bxh6 {[%emt 0:00:21]} 40. Nxg4 {[%emt 0:02:14]} Bxg4 {[%emt 0:00:26]} 41. Qxg4+ {[%emt 0:00:33]} Kh8 {[%emt 0:01:03]} 42. Qe6 {[%emt 0:02:18]} Bf4 {[%emt 0:02:47]} 43. Nxf4 {[%emt 0:01:05]} exf4 {[%emt 0:01:47]} 44. Qh6+ {[%emt 0:00:03]} Qh7 {[%emt 0:00:25]} 45. Qxh7+ {[%emt 0:00:03]} Kxh7 {[%emt 0:00:10]} 46. e5+ {[%emt 0:00:02]} Kg7 {[%emt 0:00:10]} 47. exd6 {[%emt 0:00:08]} Rd8 {[%emt 0:00:22]} 48. Rxf4 {[%emt 0:00:17]} Rxd6 {[%emt 0:00:10]} 49. Rd4 {[%emt 0:00:15]} Kf6 {[%emt 0:00:09]} 50. Ba4 {[%emt 0:00:10]} Ke5 {[%emt 0:00:33]} 51. Bc6 {[%emt 0:35:28]} Rh6+ {[%emt 0:00:11]} 52. Kg2 {[%emt 0:00:32]} Rg6+ {[%emt 0:00:11]} 53. Kf2 {[%emt 0:00:19]} Rf6+ {[%emt 0:00:10]} 54. Ke3 {[%emt 0:00:20]} Rh6 {[%emt 0:00:13]} 55. Re4+ {[%emt 0:01:08]} Kf5 {[%emt 0:00:26]} 56. Rxc4 {[%emt 0:00:08]} Ke5 {[%emt 0:04:16]} 57. Ra4 {[%emt 0:00:31]} Rh8 {[%emt 0:03:36]} 1-0

[Event "BAN-chT SAIF POWERTEC 2020"]
[Site "Dhaka"]
[Date "2021.03.26"]
[Round "8.9"]
[White "Rahman, Syed Mahfuzur"]
[Black "Chowdhury, Sohel"]
[Result "1-0"]
[WhiteElo "2158"]
[BlackElo "2149"]
[Annotator "ChessBase"]
[PlyCount "101"]
[EventDate "2021.03.19"]
[EventType "team-tourn"]
[EventCountry "BAN"]
[SourceTitle "playchess.com"]
[Source "ChessBase"]
[SourceQuality "1"]
[TimeControl "5400+30"]

1. d4 {[%emt 0:00:00]} d5 {[%emt 0:00:00]} 2. c4 {[%emt 0:00:02]} c6 {[%emt 0:00:04]} 3. Nc3 {[%emt 0:00:04]} Nf6 {[%emt 0:00:17]} 4. Nf3 {[%emt 0:00:12]} e6 {[%emt 0:00:11]} 5. Qb3 {[%emt 0:09:05]} Nbd7 {[%emt 0:03:08]} 6. Bg5 {[%emt 0:03:40]} Qa5 {[%emt 0:06:16]} 7. Bxf6 {[%emt 0:14:41]} Nxf6 {[%emt 1:23:34]} 8. e3 {[%emt 0:00:06]} Ne4 {[%emt 0:07:03]} 9. Bd3 {[%emt 0:03:47]} Nxc3 {[%emt 0:04:52]} 10. bxc3 {[%emt 0:00:15]} Be7 {[%emt 1:12:30]} 11. O-O {[%emt 0:00:27]} O-O {[%emt 1:12:38]} 12. Ne5 {[%emt 0:10:49]} Bf6 {[%emt 0:04:15]} 13. f4 {[%emt 0:00:22]} g6 {[%emt 0:00:14]} 14. g4 {[%emt 0:08:37]} Bg7 {[%emt 0:01:40]} 15. g5 {[%emt 0:00:21]} Qc7 {[%emt 1:08:23]} 16. Rac1 {[%emt 0:45:32]} Bd7 {[%emt 0:08:44]} 17. cxd5 {[%emt 0:04:35]} cxd5 {[%emt 0:04:00]} 18. c4 {[%emt 0:00:20]} Rac8 {[%emt 0:07:33]} 19. cxd5 {[%emt 0:21:06]} Qxc1 {[%emt 0:01:22]} 20. Rxc1 {[%emt 0:02:49]} Rxc1+ {[%emt 0:00:02]} 21. Kf2 {[%emt 0:00:28]} Bxe5 {[%emt 0:00:10]} 22. fxe5 {[%emt 0:00:20]} exd5 {[%emt 0:00:49]} 23. Qxd5 {[%emt 0:13:30]} Be6 {[%emt 0:40:50]} 24. Qxb7 {[%emt 0:01:09]} Ra1 {[%emt 0:28:25]} 25. d5 {[%emt 0:01:45]} Rxa2+ {[%emt 0:00:02]} 26. Kg3 {[%emt 0:01:19]} Bc8 {[%emt 0:02:09]} 27. Qb3 {[%emt 0:04:40]} Ra5 {[%emt 0:03:57]} 28. h4 {[%emt 0:00:22]} Re8 {[%emt 0:02:46]} 29. Bb5 {[%emt 0:01:56]} Rf8 {[%emt 0:21:51]} 30. Qc4 {[%emt 0:04:17]} Ra3 {[%emt 0:02:53]} 31. Qc5 {[%emt 0:01:37]} Ra5 {[%emt 0:01:14]} 32. Qb4 {[%emt 0:00:24]} Ra1 {[%emt 0:00:44]} 33. Qe7 {[%emt 0:00:46]} Rg1+ {[%emt 0:01:33]} 34. Kf2 {[%emt 0:00:12]} Rb1 {[%emt 0:00:36]} 35. Bc6 {[%emt 0:01:22]} a5 {[%emt 0:04:24]} 36. d6 {[%emt 0:01:25]} Be6 {[%emt 0:02:37]} 37. h5 {[%emt 0:00:38]} gxh5 {[%emt 0:01:00]} 38. d7 {[%emt 0:01:06]} Rbb8 {[%emt 0:05:30]} 39. Qf6 {[%emt 0:00:43]} Rfd8 {[%emt 0:02:37]} 40. Qh6 {[%emt 0:00:26]} Bf5 {[%emt 0:01:13]} 41. Qd6 {[%emt 0:00:24]} h4 {[%emt 0:00:52]} 42. Kf3 {[%emt 0:00:37]} h3 {[%emt 0:00:19]} 43. Kg3 {[%emt 0:00:28]} Be6 {[%emt 0:00:27]} 44. Qe7 {[%emt 0:00:18]} Rf8 {[%emt 0:01:47]} 45. Qc5 {[%emt 0:00:42]} Rfd8 {[%emt 0:01:29]} 46. Qe7 {[%emt 0:00:19]} Rf8 {[%emt 0:00:02]} 47. Kh4 {[%emt 0:00:30]} Rb4+ {[%emt 0:00:41]} 48. Kh5 {[%emt 0:00:41]} Bg4+ {[%emt 0:00:23]} 49. Kh6 {[%emt 0:00:36]} Bxd7 {[%emt 0:01:09]} 50. g6 {[%emt 0:00:02]} Rh4+ {[%emt 0:00:34]} 51. Qxh4 {[%emt 0:00:05]} 1-0

[Event "BAN-chT SAIF POWERTEC 2020"]
[Site "Dhaka"]
[Date "2021.03.26"]
[Round "8.10"]
[White "Puranik, Abhimanyu"]
[Black "Bhuiyan, Golam Mostafa"]
[Result "1-0"]
[WhiteElo "2584"]
[BlackElo "2055"]
[Annotator "TA"]
[PlyCount "101"]
[EventDate "2021.03.19"]
[EventType "team-tourn"]
[EventCountry "BAN"]
[SourceTitle "playchess.com"]
[Source "ChessBase"]
[SourceQuality "1"]

{[%evp 12,101,10,7,29,19,26,35,37,22,25,20,52,64,79,72,198,131,379,358,361,330,297,313,644,635,607,621,600,585,561,575,562,573,610,596,600,567,918,907,1056,1097,1095,1085,1084,1080,1319,1274,1609,1631,2043,2014,3169,1386,29980,29981,29981,29982,29984,29983,29984,29984,29984,29985,29986,29987,29987,29988,29989,29990,29990,29991,29991,29992,29992,29992,29993,29994,29994,29992,29992,29993,29993,29994,29994,29995,29995,29996,29996,29997,29998,29999]} 1. e4 e6 2. d4 d5 3. Nc3 Nf6 4. e5 Nfd7 5. Nce2 c5 6. c3 Nc6 7. f4 a6 {C11: French: Classical System: 4 e5 and 4 Bg5 dxe4.} 8. Nf3 b5 9. Be3 Bb7 {White is slightly better.} 10. Ng3 g6 11. Bd3 {[#]} c4 $146 ({Predecessor:} 11... b4 12. Rc1 bxc3 13. bxc3 Qa5 14. O-O c4 15. Bb1 Ba3 16. Rc2 Na7 17. Bc1 Be7 {0-1 (56) Orio,L (1936)-Ulrich,T (2005) Ballerup 2013}) 12. Bc2 b4 13. O-O a5 {[#]} (13... Qb6 $16 {is a better defense.}) 14. Ng5 ({White should try} 14. f5 $1 $18) 14... Ne7 $2 (14... Bh6 $16 {was worth a try.}) 15. f5 $18 exf5 16. Nxf5 Nxf5 17. Bxf5 gxf5 $2 {[#]} (17... Bh6 18. Bxd7+ Qxd7) 18. Nxf7 $1 {[%mdl 512]} Qb6 19. Nxh8 O-O-O 20. Nf7 Re8 21. Qh5 {Hoping for Nd6+!} Qg6 22. Qxf5 Kc7 23. Qxg6 hxg6 24. Ng5 Nb6 {[#]} 25. Rxf8 $1 Bc6 (25... Rxf8 26. Ne6+) 26. Rxe8 Bxe8 27. cxb4 axb4 28. Bd2 Na4 29. Bxb4 Nxb2 30. Ne6+ Kc8 31. Nc5 Bc6 32. Rb1 Nd3 33. Nxd3 {White mates.} cxd3 34. e6 Kc7 35. Kf2 Ba4 36. e7 Kd7 37. Ke3 Bc2 38. Rf1 Ba4 39. Rf8 Kc7 40. e8=Q Bxe8 41. Rxe8 d2 42. Kxd2 g5 43. a4 Kd7 44. Re7+ Kc6 45. Re6+ Kb7 46. a5 g4 47. a6+ Kc7 48. a7 Kb7 49. Bc5 g3 50. hxg3 Kc7 51. a8=Q {[%cal Re6e7] Black got outplayed after the opening.  Weighted Error Value: White=0.07/Black=0.56} 1-0